000 00385nam a22001697a 4500
005 20160531154023.0
008 160531b xxu||||| |||| 00| 0 eng d
020 _a81-7169-459-4
041 _aeng
082 _b6423
100 _aDubey, U.K.
_91606
245 _aPublic Relations Management
260 _bCommon wealth
300 _a369
650 _aManagement
_9241
942 _cBK
999 _c2266
_d2265